Cinéma en images par lettres - C - Statistiques

Statistiques générales
  • Ce quiz a été pris 586 fois
  • Le résultat moyen est 17 sur 24
Statistiques - réponses
Par images Hint Réponse % Correct
Acteur Charlie Chaplin
100%
Personnage Cendrillon
96%
Festival Cannes
95%
Métier du cinéma Cascadeur
94%
Acteur Jackie Chan
94%
Acteur Alain Chabat
93%
Acteur Tom Cruise
93%
Récompense Césars
90%
Actrice Marion Cotillard
90%
Objet Clap
87%
Film Cyrano de Bergerac
81%
Personnage C-3PO
79%
Acteur Guillaume Canet
78%
Film La Cité de la Peur
76%
Actrice Penelope Cruz
74%
Film Le Château Ambulant
65%
Film Le Cinquième Élément
65%
Film Chantons sous la pluie
63%
Réalisateur James Cameron
57%
Technique Contre-plongée
52%
Film Citizen Kane
40%
Réalisatrice Sofia Coppola
35%
Réalisateur Claude Chabrol
21%
Doubleur Roger Carel
15%
Aucun quiz correspondant
Distribution des résultats
% des personnes avec chaque résultat
Percentile par nombre de réponses
Votre historique - résultats
Vous n’avez pas pris ce quiz